<?xml version="1.0" encoding="UTF-8"?>
<record
    xmlns:xsi="http://www.w3.org/2001/XMLSchema-instance"
    xsi:schemaLocation="http://www.loc.gov/MARC21/slim http://www.loc.gov/standards/marcxml/schema/MARC21slim.xsd"
    xmlns="http://www.loc.gov/MARC21/slim">

  <leader>02488nam2a22003851  4500</leader>
  <controlfield tag="001">rc\540560</controlfield>
  <controlfield tag="005">20250621165956.0</controlfield>
  <datafield tag="035" ind1=" " ind2=" ">
    <subfield code="a">(NLR Aleph) 005818389</subfield>
  </datafield>
  <datafield tag="090" ind1=" " ind2=" ">
    <subfield code="a">5453612</subfield>
    <subfield code="c">5453612</subfield>
  </datafield>
  <datafield tag="100" ind1=" " ind2=" ">
    <subfield code="a">20030616d1987    |||y0rusy50      ca</subfield>
  </datafield>
  <datafield tag="101" ind1="0" ind2=" ">
    <subfield code="a">rus</subfield>
  </datafield>
  <datafield tag="102" ind1=" " ind2=" ">
    <subfield code="a">RU</subfield>
  </datafield>
  <datafield tag="105" ind1=" " ind2=" ">
    <subfield code="a">a   |||||||||</subfield>
  </datafield>
  <datafield tag="200" ind1="1" ind2=" ">
    <subfield code="a">&#x88;[&#x89;&#x41F;&#x43E;&#x432;&#x435;&#x441;&#x442;&#x438;. &#x420;&#x430;&#x441;&#x441;&#x43A;&#x430;&#x437;&#x44B;</subfield>
    <subfield code="f">&#x41F;&#x440;&#x438;&#x43C;&#x435;&#x447;. &#x412;. &#x41B;&#x438;&#x43D;&#x43A;&#x43E;&#x432;&#x430;]</subfield>
  </datafield>
  <datafield tag="210" ind1=" " ind2=" ">
    <subfield code="d">1987</subfield>
    <subfield code="a">&#x411;. &#x43C;.</subfield>
  </datafield>
  <datafield tag="215" ind1=" " ind2=" ">
    <subfield code="a">526, [2] &#x441;., [4] &#x43B;. &#x446;&#x432;. &#x438;&#x43B;.</subfield>
    <subfield code="d">21</subfield>
  </datafield>
  <datafield tag="320" ind1=" " ind2=" ">
    <subfield code="a">&#x411;&#x438;&#x431;&#x43B;&#x438;&#x43E;&#x433;&#x440;. &#x432; &#x43F;&#x440;&#x438;&#x43C;&#x435;&#x447;.: &#x441;. 511-527</subfield>
  </datafield>
  <datafield tag="327" ind1="1" ind2=" ">
    <subfield code="a">&#x421;&#x43E;&#x434;&#x435;&#x440;&#x436;.: &#x421;&#x435;&#x432;&#x430;&#x441;&#x442;&#x43E;&#x43F;&#x43E;&#x43B;&#x44C; &#x432; &#x434;&#x435;&#x43A;&#x430;&#x431;&#x440;&#x435; &#x43C;&#x435;&#x441;&#x44F;&#x446;&#x435;; &#x421;&#x435;&#x432;&#x430;&#x441;&#x442;&#x43E;&#x43F;&#x43E;&#x43B;&#x44C; &#x432; &#x43C;&#x430;&#x435;; &#x421;&#x435;&#x432;&#x430;&#x441;&#x442;&#x43E;&#x43F;&#x43E;&#x43B;&#x44C; &#x432; &#x430;&#x432;&#x433;&#x443;&#x441;&#x442;&#x435; 1855 &#x433;&#x43E;&#x434;&#x430;; &#x414;&#x432;&#x430; &#x433;&#x443;&#x441;&#x430;&#x440;&#x430;; &#x418;&#x437; &#x437;&#x430;&#x43F;&#x438;&#x441;&#x43E;&#x43A; &#x43A;&#x43D;&#x44F;&#x437;&#x44F; &#x414;. &#x41D;&#x435;&#x445;&#x43B;&#x44E;&#x434;&#x43E;&#x432;&#x430;. &#x41B;&#x44E;&#x446;&#x435;&#x440;&#x43D;; &#x410;&#x43B;&#x44C;&#x431;&#x435;&#x440;&#x442;; &#x422;&#x440;&#x438; &#x441;&#x43C;&#x435;&#x440;&#x442;&#x438;; &#x421;&#x435;&#x43C;&#x435;&#x439;&#x43D;&#x43E;&#x435; &#x441;&#x447;&#x430;&#x441;&#x442;&#x44C;&#x435;; &#x41F;&#x43E;&#x43B;&#x438;&#x43A;&#x443;&#x448;&#x43A;&#x430;; &#x41D;&#x435;&#x43E;&#x43A;&#x43E;&#x43D;&#x447;&#x435;&#x43D;&#x43D;&#x43E;&#x435;</subfield>
  </datafield>
  <datafield tag="461" ind1="1" ind2="0">
    <subfield code="1">001rc\540558</subfield>
    <subfield code="1">2001#$a&#x421;&#x43E;&#x431;&#x440;&#x430;&#x43D;&#x438;&#x435; &#x441;&#x43E;&#x447;&#x438;&#x43D;&#x435;&#x43D;&#x438;&#x439;$e&#x412; 12 &#x442;.$f&#x41B;.&#x41D;. &#x422;&#x43E;&#x43B;&#x441;&#x442;&#x43E;&#x439;$g[&#x41F;&#x43E;&#x434; &#x43E;&#x431;&#x449;. &#x440;&#x435;&#x434;. &#x421;.&#x410;. &#x41C;&#x430;&#x43A;&#x430;&#x448;&#x438;&#x43D;&#x430;, &#x41B;.&#x414;. &#x41E;&#x43F;&#x443;&#x43B;&#x44C;&#x441;&#x43A;&#x43E;&#x439;$g&#x412;&#x441;&#x442;&#x443;&#x43F;. &#x441;&#x442;. &#x41B;.&#x41E;&#x43F;&#x443;&#x43B;&#x44C;&#x441;&#x43A;&#x43E;&#x439;, &#x441;. 3-38$g&#x418;&#x43B;. &#x41F;. &#x41F;&#x438;&#x43D;&#x43A;&#x438;&#x441;&#x435;&#x432;&#x438;&#x447;&#x430;]$v&#x422;. 2</subfield>
    <subfield code="1">700#1$a&#x422;&#x43E;&#x43B;&#x441;&#x442;&#x43E;&#x439;$b&#x41B;. &#x41D;.$g&#x41B;&#x435;&#x432; &#x41D;&#x438;&#x43A;&#x43E;&#x43B;&#x430;&#x435;&#x432;&#x438;&#x447;$f1828-1910$3RU\NLR\AUTH\771515</subfield>
    <subfield code="9">5453595</subfield>
    <subfield code="a">&#x422;&#x43E;&#x43B;&#x441;&#x442;&#x43E;&#x439;, &#x41B;. &#x41D;. (1828-1910)</subfield>
    <subfield code="c">&#x41C;.</subfield>
    <subfield code="d">1987-</subfield>
    <subfield code="f">&#x41B;.&#x41D;. &#x422;&#x43E;&#x43B;&#x441;&#x442;&#x43E;&#x439;</subfield>
    <subfield code="n">&#x41F;&#x440;&#x430;&#x432;&#x434;&#x430;</subfield>
    <subfield code="o">&#x412; 12 &#x442;.</subfield>
    <subfield code="t">&#x421;&#x43E;&#x431;&#x440;&#x430;&#x43D;&#x438;&#x435; &#x441;&#x43E;&#x447;&#x438;&#x43D;&#x435;&#x43D;&#x438;&#x439;</subfield>
    <subfield code="v">&#x422;. 2</subfield>
  </datafield>
  <datafield tag="464" ind1=" " ind2="0">
    <subfield code="1">2001#$a&#x421;&#x435;&#x432;&#x430;&#x441;&#x442;&#x43E;&#x43F;&#x43E;&#x43B;&#x44C; &#x432; &#x434;&#x435;&#x43A;&#x430;&#x431;&#x440;&#x435; &#x43C;&#x435;&#x441;&#x44F;&#x446;&#x435;</subfield>
    <subfield code="t">&#x421;&#x435;&#x432;&#x430;&#x441;&#x442;&#x43E;&#x43F;&#x43E;&#x43B;&#x44C; &#x432; &#x434;&#x435;&#x43A;&#x430;&#x431;&#x440;&#x435; &#x43C;&#x435;&#x441;&#x44F;&#x446;&#x435;</subfield>
  </datafield>
  <datafield tag="464" ind1=" " ind2="0">
    <subfield code="1">2001#$a&#x421;&#x435;&#x432;&#x430;&#x441;&#x442;&#x43E;&#x43F;&#x43E;&#x43B;&#x44C; &#x432; &#x43C;&#x430;&#x435;</subfield>
    <subfield code="t">&#x421;&#x435;&#x432;&#x430;&#x441;&#x442;&#x43E;&#x43F;&#x43E;&#x43B;&#x44C; &#x432; &#x43C;&#x430;&#x435;</subfield>
  </datafield>
  <datafield tag="464" ind1=" " ind2="0">
    <subfield code="1">2001#$a&#x421;&#x435;&#x432;&#x430;&#x441;&#x442;&#x43E;&#x43F;&#x43E;&#x43B;&#x44C; &#x432; &#x430;&#x432;&#x433;&#x443;&#x441;&#x442;&#x435; 1855 &#x433;&#x43E;&#x434;&#x430;</subfield>
    <subfield code="t">&#x421;&#x435;&#x432;&#x430;&#x441;&#x442;&#x43E;&#x43F;&#x43E;&#x43B;&#x44C; &#x432; &#x430;&#x432;&#x433;&#x443;&#x441;&#x442;&#x435; 1855 &#x433;&#x43E;&#x434;&#x430;</subfield>
  </datafield>
  <datafield tag="464" ind1=" " ind2="0">
    <subfield code="1">2001#$a&#x414;&#x432;&#x430; &#x433;&#x443;&#x441;&#x430;&#x440;&#x430;</subfield>
    <subfield code="t">&#x414;&#x432;&#x430; &#x433;&#x443;&#x441;&#x430;&#x440;&#x430;</subfield>
  </datafield>
  <datafield tag="464" ind1=" " ind2="0">
    <subfield code="1">2001#$a&#x418;&#x437; &#x437;&#x430;&#x43F;&#x438;&#x441;&#x43E;&#x43A; &#x43A;&#x43D;&#x44F;&#x437;&#x44F; &#x414;. &#x41D;&#x435;&#x445;&#x43B;&#x44E;&#x434;&#x43E;&#x432;&#x430;. &#x41B;&#x44E;&#x446;&#x435;&#x440;&#x43D;</subfield>
    <subfield code="t">&#x418;&#x437; &#x437;&#x430;&#x43F;&#x438;&#x441;&#x43E;&#x43A; &#x43A;&#x43D;&#x44F;&#x437;&#x44F; &#x414;. &#x41D;&#x435;&#x445;&#x43B;&#x44E;&#x434;&#x43E;&#x432;&#x430;. &#x41B;&#x44E;&#x446;&#x435;&#x440;&#x43D;</subfield>
  </datafield>
  <datafield tag="464" ind1=" " ind2="0">
    <subfield code="1">2001#$a&#x410;&#x43B;&#x44C;&#x431;&#x435;&#x440;&#x442;</subfield>
    <subfield code="t">&#x410;&#x43B;&#x44C;&#x431;&#x435;&#x440;&#x442;</subfield>
  </datafield>
  <datafield tag="464" ind1=" " ind2="0">
    <subfield code="1">2001#$a&#x422;&#x440;&#x438; &#x441;&#x43C;&#x435;&#x440;&#x442;&#x438;</subfield>
    <subfield code="t">&#x422;&#x440;&#x438; &#x441;&#x43C;&#x435;&#x440;&#x442;&#x438;</subfield>
  </datafield>
  <datafield tag="464" ind1=" " ind2="0">
    <subfield code="1">2001#$a&#x421;&#x435;&#x43C;&#x435;&#x439;&#x43D;&#x43E;&#x435; &#x441;&#x447;&#x430;&#x441;&#x442;&#x44C;&#x435;</subfield>
    <subfield code="t">&#x421;&#x435;&#x43C;&#x435;&#x439;&#x43D;&#x43E;&#x435; &#x441;&#x447;&#x430;&#x441;&#x442;&#x44C;&#x435;</subfield>
  </datafield>
  <datafield tag="464" ind1=" " ind2="0">
    <subfield code="1">2001#$a&#x41F;&#x43E;&#x43B;&#x438;&#x43A;&#x443;&#x448;&#x43A;&#x430;</subfield>
    <subfield code="t">&#x41F;&#x43E;&#x43B;&#x438;&#x43A;&#x443;&#x448;&#x43A;&#x430;</subfield>
  </datafield>
  <datafield tag="464" ind1=" " ind2="0">
    <subfield code="1">2001#$a&#x41D;&#x435;&#x43E;&#x43A;&#x43E;&#x43D;&#x447;&#x435;&#x43D;&#x43D;&#x43E;&#x435;</subfield>
    <subfield code="t">&#x41D;&#x435;&#x43E;&#x43A;&#x43E;&#x43D;&#x447;&#x435;&#x43D;&#x43D;&#x43E;&#x435;</subfield>
  </datafield>
  <datafield tag="801" ind1=" " ind2="0">
    <subfield code="a">RU</subfield>
    <subfield code="b">NLR</subfield>
    <subfield code="g">psbo</subfield>
  </datafield>
  <datafield tag="801" ind1=" " ind2="1">
    <subfield code="a">RU</subfield>
    <subfield code="b">ELAR</subfield>
    <subfield code="2">rusmarc</subfield>
  </datafield>
  <datafield tag="852" ind1=" " ind2=" ">
    <subfield code="a">NLR</subfield>
    <subfield code="j">87-3/933</subfield>
  </datafield>
  <datafield tag="942" ind1=" " ind2=" ">
    <subfield code="c">BOOK</subfield>
  </datafield>
  <datafield tag="980" ind1=" " ind2=" ">
    <subfield code="a">NB</subfield>
  </datafield>
  <datafield tag="995" ind1=" " ind2=" ">
    <subfield code="5">2013-10-26</subfield>
    <subfield code="b">NLR01</subfield>
    <subfield code="c">NLR01</subfield>
    <subfield code="e">RF9</subfield>
    <subfield code="f">5818389-10</subfield>
    <subfield code="k">87-3/933</subfield>
    <subfield code="o">0</subfield>
    <subfield code="r">BOOK</subfield>
    <subfield code="s">873933_</subfield>
  </datafield>
</record>
